Psicología de la Organización

Bibliographic Details
Main Author: Schein, Edgar H.
Format: Section = Libro
Language:Undetermined
Spanish
Published: México Prentice Hall 1982
Edition:3a.ed.
Subjects:
LEADER 00531nam a2200205Ia 4500
008 240829s9999 xx 000 0 und d
020 |a 968-880-056-2 
040 |a BIBLIOTECA-RUPAP 158 S318 
041 |a spa 
082 |a 158 S318 
100 1 |a Schein, Edgar H. 
245 1 0 |a Psicología de la Organización 
250 |a 3a.ed. 
260 |a México  |b Prentice Hall  |c 1982 
300 |a 252 p. :il. 
650 7 |a PSICOLOGIA DE ORGANIZACION CONCEPTO 
650 7 |b  LIDERAZGO TEORIAS. 
942 |c BK  |2 ddc 
991 |a TEXTO 
999 |c 7363